[Event "USCL Week 7"]
[Site "?"]
[Date "2013.10.09"]
[Round "?"]
[White "Naroditsky, Daniel"]
[Black "Esserman, Marc"]
[Result "1-0"]
[WhiteElo "2570"]
[BlackElo "2569"]
[PlyCount "91"]
[EventDate "2013.??.??"]

1. Nf3 Nf6 2. g3 g6 3. b3 Bg7 4. Bb2 c5 5. c4 d6 6. Bg2 e5 7. O-O O-O 8. d3 Nc6
9. Nc3 h6 10. Nd2 Be6 11. Nde4 Ne8 12. Nd5 Rb8 13. f4 Bxd5 14. cxd5 Ne7 15.
fxe5 Nxd5 16. Qc1 dxe5 17. Qxc5 b6 18. Qf2 f5 19. Ba3 Nef6 20. Bxf8 Ng4 21. Qf3
Bxf8 22. Nf2 Nge3 23. Ng4 fxg4 24. Qf7+ Kh8 25. Qxg6 Nxf1 26. Rxf1 Ne7 27. Qe6
Bg7 28. Be4 Qd4+ 29. Kg2 Re8 30. Bc6 Rf8 31. Qxe7 Rxf1 32. Kxf1 Qc5 33. Qxc5
bxc5 34. Bd7 h5 35. Be8 h4 36. gxh4 Bf6 37. h5 Kg7 38. Bd7 Kh6 39. Bxg4 Kg5 40.
Bf3 Kf4 41. h6 Ke3 42. Kg2 a5 43. Kg3 a4 44. bxa4 e4 45. Bxe4 c4 46. dxc4 1-0

[Event "USCL Week 7"]
[Site "?"]
[Date "2013.10.09"]
[Round "?"]
[White "Perelshteyn, Eugene"]
[Black "Bhat, Vinay"]
[Result "1/2-1/2"]
[WhiteElo "2577"]
[BlackElo "2555"]
[PlyCount "81"]
[EventDate "2013.??.??"]

1. e4 e6 2. d4 d5 3. Nc3 Bb4 4. exd5 exd5 5. Bd3 Nc6 6. Nge2 Nge7 7. a3 Bxc3+
8. bxc3 Bf5 9. Ng3 Bxd3 10. cxd3 O-O 11. O-O Qd7 12. Ra2 Rfe8 13. f4 f5 14. Kh1
b6 15. Ne2 Nd8 16. Ng1 c5 17. Nf3 Nec6 18. h3 Ne6 19. Be3 Rac8 20. Qd2 Qb7 21.
a4 h6 22. Raa1 Qa6 23. Rfb1 Rcd8 24. Bf2 Kh7 25. dxc5 bxc5 26. Rb5 d4 27. cxd4
Ncxd4 28. Bxd4 Nxd4 29. Nxd4 Rxd4 30. Rxc5 Rxd3 31. Qc2 Re2 32. Rc6 Rxc2 33.
Rxa6 Rdd2 34. Rg1 Rd7 35. Ra5 Rc4 36. Rf1 Rdd4 37. Rxf5 Rxa4 38. Rf7 Kg8 39.
Rb7 Rxf4 40. Rxf4 Rxf4 41. Rxa7 1/2-1/2

[Event "USCL Week 7"]
[Site "?"]
[Date "2013.10.09"]
[Round "?"]
[White "Sevian, Samuel"]
[Black "Lee, Andy"]
[Result "1-0"]
[WhiteElo "2486"]
[BlackElo "2316"]
[PlyCount "113"]
[EventDate "2013.??.??"]

1. e4 e6 2. d4 d5 3. Nc3 Bb4 4. e5 c5 5. a3 Bxc3+ 6. bxc3 Ne7 7. Qg4 cxd4 8.
Qxg7 Rg8 9. Qxh7 Qc7 10. Ne2 Nbc6 11. f4 dxc3 12. Qd3 d4 13. Nxd4 Nxd4 14. Qxd4
Bd7 15. Rg1 Nf5 16. Qf2 Qc6 17. Bd3 Qd5 18. Rb1 Bc6 19. Rb3 O-O-O 20. Rxc3 Kb8
21. Rc5 Qa2 22. Rxc6 bxc6 23. Qc5 Rxd3 24. cxd3 Rxg2 25. Rxg2 Qxg2 26. Qf2 Qd5
27. Qf1 Nd4 28. Be3 Nc2+ 29. Kf2 Nxe3 30. Kxe3 Qc5+ 31. Kf3 Qxa3 32. h4 a5 33.
h5 a4 34. h6 Qf8 35. Qh1 a3 36. h7 Qh8 37. Qh5 a2 38. Qxf7 a1=Q 39. Qg8+ Kc7
40. Qxh8 Qd1+ 41. Kf2 Qd2+ 42. Kg3 Qe3+ 43. Kg4 Qg1+ 44. Kh5 Qd1+ 45. Kg5 Qxd3
46. Qg7+ Kb6 47. h8=Q Qf5+ 48. Kh4 Qxf4+ 49. Qg4 Qh2+ 50. Qh3 Qf4+ 51. Kh5 Qf7+
52. Kh6 Qf4+ 53. Kg6 Qe4+ 54. Kf6 Qf4+ 55. Ke7 Qb4+ 56. Kf7 Qf4+ 57. Qf6 1-0

[Event "USCL Week 7"]
[Site "?"]
[Date "2013.10.09"]
[Round "?"]
[White "Panchanatham, Vignesh"]
[Black "Mahoney, Michael"]
[Result "1-0"]
[WhiteElo "2238"]
[BlackElo "2040"]
[PlyCount "79"]
[EventDate "2013.??.??"]

1. e4 c5 2. Nf3 g6 3. d4 cxd4 4. Nxd4 Nc6 5. c4 Nf6 6. Nc3 d6 7. Be2 Nxd4 8.
Qxd4 Bg7 9. Be3 O-O 10. Qd2 Be6 11. O-O Qa5 12. a3 Rfc8 13. b3 b5 14. b4 Qc7
15. c5 dxc5 16. Bxc5 Bc4 17. Rac1 Rd8 18. Qe3 h5 19. Nxb5 Bxb5 20. Bxb5 Ng4 21.
Qg3 Qb7 22. Be2 Be5 23. f4 Bb2 24. Bxg4 Bxc1 25. Bf3 Bxa3 26. e5 Qb5 27. Bxa8
Rxa8 28. Qxa3 a5 29. f5 Ra6 30. fxg6 Rxg6 31. Qf3 Qc4 32. Bxe7 axb4 33. Bxb4 h4
34. Be7 h3 35. Qxh3 Qd4+ 36. Kh1 Qxe5 37. Qc8+ Kh7 38. Rxf7+ Rg7 39. Qh3+ Kg6
40. Rf6+ 1-0

[Event "USCL Week 7"]
[Site "?"]
[Date "2013.10.09"]
[Round "?"]
[White "Huschenbeth, Niclas"]
[Black "Anka, Emil"]
[Result "1-0"]
[WhiteElo "2610"]
[BlackElo "2497"]
[PlyCount "87"]
[EventDate "2013.??.??"]

1. e4 c5 2. Nf3 Nc6 3. d4 cxd4 4. Nxd4 g6 5. c4 Nf6 6. Nc3 d6 7. Be2 Nxd4 8.
Qxd4 Bg7 9. Be3 O-O 10. Qd2 a5 11. O-O a4 12. Rad1 Qa5 13. Bd4 Bd7 14. Bxf6
Bxf6 15. Nd5 Qxd2 16. Rxd2 Kg7 17. Nb6 Rad8 18. a3 Bc6 19. f3 Bg5 20. f4 Bf6
21. Bd1 e5 22. Bxa4 Bxa4 23. Nxa4 exf4 24. Kf2 Rfe8 25. Kf3 Re5 26. Nb6 Rde8
27. Re1 Rh5 28. h3 h6 29. Nd5 Be5 30. Nxf4 Bxf4 31. Kxf4 Rc5 32. b3 Re6 33. Rd5
Rc7 34. Red1 Rce7 35. R1d4 Rf6+ 36. Ke3 Rf1 37. Rxd6 Re1+ 38. Kf2 Rb1 39. Rb6
Rb2+ 40. Kf3 f5 41. exf5 gxf5 42. Rdd6 f4 43. Rg6+ Kf7 44. Rxh6 1-0

[Event "USCL Week 7"]
[Site "?"]
[Date "2013.10.09"]
[Round "?"]
[White "Collyer, Curt"]
[Black "Zimmer, Ralph"]
[Result "0-1"]
[WhiteElo "2266"]
[BlackElo "2244"]
[PlyCount "76"]
[EventDate "2013.??.??"]

1. d4 Nf6 2. Nc3 d5 3. Bg5 Bf5 4. Bxf6 exf6 5. e3 Bb4 6. Bd3 Qd7 7. Nge2 O-O 8.
O-O c6 9. Ng3 Bxd3 10. Qxd3 g6 11. e4 dxe4 12. Ngxe4 Be7 13. Rad1 Na6 14. Qc4
f5 15. Ng3 Rfd8 16. Nce2 b5 17. Qb3 Nb4 18. c3 Nd5 19. Rd3 a5 20. Rfd1 a4 21.
Qc2 Bd6 22. Nf1 Re8 23. Nc1 Re7 24. Rf3 Rae8 25. Nd3 Re2 26. Rd2 Qe7 27. g3 Qe4
28. Rxe2 Qxe2 29. Qxe2 Rxe2 30. Ne3 a3 31. Nxd5 cxd5 32. bxa3 Rxa2 33. Nb4 Rxa3
34. Nxd5 b4 35. Re3 b3 36. Re8+ Kg7 37. Re2 Ra2 38. Re1 b2 0-1

[Event "USCL Week 7"]
[Site "?"]
[Date "2013.10.09"]
[Round "?"]
[White "Defibaugh, Jared"]
[Black "Sang, Tian"]
[Result "0-1"]
[WhiteElo "2297"]
[BlackElo "2324"]
[PlyCount "46"]
[EventDate "2013.??.??"]

1. d4 Nf6 2. c4 e6 3. Nc3 Bb4 4. e3 O-O 5. Nge2 d5 6. a3 Be7 7. Nf4 b6 8. cxd5
exd5 9. Bd3 Bb7 10. O-O Re8 11. Qf3 c6 12. b4 Nbd7 13. Bb2 Nf8 14. Rac1 Ng6 15.
Rfd1 Bd6 16. Nxg6 hxg6 17. e4 dxe4 18. Nxe4 Nxe4 19. Bxe4 Qh4 20. g4 Qxh2+ 21.
Kf1 Rxe4 22. Qxe4 Ba6+ 23. Ke1 Bf4 0-1

[Event "USCL Week 7"]
[Site "?"]
[Date "2013.10.09"]
[Round "?"]
[White "Times, Lawyer"]
[Black "Korba, Nicky"]
[Result "1-0"]
[WhiteElo "2261"]
[BlackElo "2160"]
[PlyCount "103"]
[EventDate "2013.??.??"]

1. d4 Nf6 2. Nf3 c5 3. d5 e6 4. c4 exd5 5. cxd5 d6 6. Nc3 g6 7. h3 Bg7 8. e4 a6
9. a4 Nbd7 10. Bd3 Nh5 11. O-O Ne5 12. Be2 Nxf3+ 13. Bxf3 Qh4 14. Bxh5 gxh5 15.
Qd3 Rg8 16. Kh1 Be5 17. Ne2 Bd7 18. f4 Bh8 19. Bd2 Rb8 20. e5 Kf8 21. Be1 Qe7
22. Qxh7 b5 23. Qxh5 bxa4 24. Bh4 f6 25. Ng3 Qe8 26. Qh7 Qe7 27. Qxe7+ Kxe7 28.
e6 Rxg3 29. Bxg3 Be8 30. Rf2 f5 31. Bh4+ Kf8 32. Ra2 Rb4 33. Rd2 Bb5 34. Be1
Re4 35. Ra1 Rb4 36. Ra2 Rd4 37. Rxd4 cxd4 38. Kg1 Bf6 39. Kf2 Bd8 40. Bb4 Ke7
41. Ra3 Bb6 42. g4 d3+ 43. Ke1 Bd4 44. Bc3 Be3 45. g5 Bxf4 46. g6 Kf8 47. g7+
Kg8 48. Bf6 Be3 49. e7 d2+ 50. Kd1 f4 51. Rc3 Kf7 52. Rc8 1-0

[Event "USCL Week 7"]
[Site "?"]
[Date "2013.10.09"]
[Round "?"]
[White "Remlinger, Larry"]
[Black "Brattain, Mika"]
[Result "0-1"]
[WhiteElo "2373"]
[BlackElo "2364"]
[PlyCount "118"]
[EventDate "2013.??.??"]

1. Nf3 Nf6 2. c4 g6 3. b4 Bg7 4. Bb2 O-O 5. g3 d6 6. Bg2 a5 7. b5 a4 8. Na3 e5
9. O-O Re8 10. d3 Nbd7 11. Nd2 Nc5 12. Rc1 Bg4 13. h3 Be6 14. Qc2 Qd7 15. Kh2
h5 16. Nf3 Rac8 17. Rcd1 Qe7 18. e4 Bd7 19. Rfe1 Nh7 20. Nb1 Ng5 21. Nxg5 Qxg5
22. Bc1 Qd8 23. Nc3 c6 24. bxc6 Bxc6 25. Be3 h4 26. Qd2 Ne6 27. Rb1 Nd4 28. Ne2
hxg3+ 29. fxg3 Qe7 30. Rf1 Ne6 31. Nc3 Nd4 32. Ne2 Ne6 33. h4 Qd7 34. Bh3 Rb8
35. Rb4 Qc7 36. Nc3 Ra8 37. Nd5 Bxd5 38. cxd5 Nd4 39. Kh1 b5 40. Rc1 Qa5 41.
Bxd4 exd4 42. a3 Ra7 43. Rc6 Be5 44. Kg2 Kg7 45. Qc1 Rb7 46. h5 Rh8 47. hxg6
fxg6 48. Be6 Qd8 49. Rc8 Rh2+ 50. Kg1 Qf6 51. Rg8+ Kh7 52. Qe1 Rh6 53. Rb2 Qf3
54. Rg2 Rc7 55. Rc8 Rxc8 56. Bxc8 Qxd3 57. Qc1 Qxe4 58. Qc7+ Bg7 59. Qc1 d3 0-1

[Event "USCL Week 7"]
[Site "?"]
[Date "2013.10.09"]
[Round "?"]
[White "Winer, Steven"]
[Black "Matikozyan, Andranik"]
[Result "1-0"]
[WhiteElo "2409"]
[BlackElo "2577"]
[PlyCount "127"]
[EventDate "2013.??.??"]

1. d4 Nf6 2. Nf3 g6 3. c4 Bg7 4. g3 O-O 5. Bg2 d6 6. O-O c6 7. Nc3 Qa5 8. e4 e5
9. h3 Nbd7 10. Be3 exd4 11. Nxd4 Ne5 12. Qe2 Re8 13. Rfd1 Be6 14. Nxe6 Rxe6 15.
c5 dxc5 16. f4 Ned7 17. e5 Nxe5 18. fxe5 Rxe5 19. Qd2 Rae8 20. Bf4 R5e6 21. g4
c4 22. Kh1 b5 23. a3 Qb6 24. Re1 Rd8 25. Qc2 Rxe1+ 26. Rxe1 a5 27. Be3 Qc7 28.
Qf2 Re8 29. Bc5 Rxe1+ 30. Qxe1 Qd7 31. Qe7 Qxe7 32. Bxe7 Nd5 33. Bxd5 cxd5 34.
Nxb5 Bxb2 35. Kg2 Be5 36. Kf3 f5 37. gxf5 gxf5 38. Bc5 Kf7 39. Nd4 Kf6 40. a4
Bc7 41. Nc6 Ke6 42. Bd4 Kd6 43. Na7 Ke6 44. Nb5 Bd8 45. Bc3 Bb6 46. Kf4 Bg1 47.
Nd4+ Kd6 48. Kxf5 Kc5 49. Ne6+ Kd6 50. Bxa5 d4 51. Bb4+ Kd7 52. Nf4 d3 53. Ke4
Kc6 54. Nd5 Bc5 55. Bc3 Bg1 56. Nf6 h6 57. Kf3 Kc5 58. Ke4 Kc6 59. a5 Kb5 60.
Kd5 Bc5 61. Ne4 Bb4 62. Nd6+ Ka4 63. Bxb4 Kxb4 64. Nxc4 1-0

[Event "USCL Week 7"]
[Site "?"]
[Date "2013.10.09"]
[Round "?"]
[White "Khachiyan, Melikset"]
[Black "Ivanov, Alexander"]
[Result "1/2-1/2"]
[WhiteElo "2602"]
[BlackElo "2624"]
[PlyCount "63"]
[EventDate "2013.??.??"]

1. e4 e5 2. Nf3 Nc6 3. Bb5 a6 4. Ba4 Nf6 5. O-O Be7 6. Re1 b5 7. Bb3 d6 8. c3
O-O 9. h3 Bb7 10. d3 Nb8 11. Nbd2 Nbd7 12. Nf1 Nc5 13. Bc2 Re8 14. Ng3 Bf8 15.
b4 Ncd7 16. a4 d5 17. axb5 axb5 18. Rb1 Nb6 19. d4 Nxe4 20. Nxe4 dxe4 21. Bxe4
Bxe4 22. Rxe4 exd4 23. Rxd4 Qf6 24. Qd3 Qg6 25. Bf4 c6 26. Ne5 Qxd3 27. Rxd3
Nd5 28. Bg3 Ra3 29. Rc1 f6 30. Nxc6 Nxb4 31. Nxb4 Bxb4 32. Rd5 1/2-1/2

[Event "USCL Week 7"]
[Site "?"]
[Date "2013.10.09"]
[Round "?"]
[White "Sarkar, Justin"]
[Black "Altounian, Levon"]
[Result "0-1"]
[WhiteElo "2512"]
[BlackElo "2513"]
[PlyCount "68"]
[EventDate "2013.??.??"]

1. d4 d5 2. c4 dxc4 3. e4 c5 4. d5 Nf6 5. Nc3 b5 6. e5 b4 7. exf6 bxc3 8. bxc3
Qa5 9. Qf3 Nd7 10. d6 Bb7 11. Qxb7 Qxc3+ 12. Kd1 Qd4+ 13. Kc2 Rb8 14. Qf3 Qxa1
15. dxe7 Qxa2+ 16. Kd1 Qa4+ 17. Ke1 Bxe7 18. fxe7 Qb4+ 19. Bd2 Qb1+ 20. Ke2 Ne5
21. Qd5 Qd3+ 22. Qxd3 cxd3+ 23. Ke3 Kxe7 24. Ke4 Ng4 25. Nh3 c4 26. g3 Rhc8 27.
Bc3 Nf6+ 28. Kd4 Rc6 29. Nf4 Rd8+ 30. Ke3 g5 31. Nh3 Re6+ 32. Kf3 g4+ 33. Kf4
Nd5+ 34. Kxg4 Nxc3 0-1

[Event "USCL Week 7"]
[Site "?"]
[Date "2013.10.09"]
[Round "?"]
[White "Tanenbaum, Zachary"]
[Black "Marmont, Ben"]
[Result "1-0"]
[WhiteElo "2143"]
[BlackElo "2201"]
[PlyCount "127"]
[EventDate "2013.??.??"]

1. e4 c5 2. Nf3 d6 3. d4 cxd4 4. Nxd4 Nf6 5. Nc3 a6 6. f3 e5 7. Nb3 Be6 8. Be3
Be7 9. Qd2 O-O 10. O-O-O Nbd7 11. g4 b5 12. g5 b4 13. gxf6 bxc3 14. Qxc3 Nxf6
15. Na5 Rc8 16. Nc6 Qd7 17. Nxe7+ Qxe7 18. Qa3 Qc7 19. Rd2 d5 20. Bg5 Nd7 21.
exd5 Bxd5 22. Bxa6 Bb7 23. Bxb7 Qxb7 24. Qe7 Qxf3 25. Rhd1 Nc5 26. Rd8 Ne6 27.
Qxf8+ Nxf8 28. Rxc8 f6 29. Rdd8 Kf7 30. Rxf8+ Kg6 31. b4 Kxg5 32. Kb2 Qf4 33.
c4 Qd2+ 34. Kb3 Qd3+ 35. Ka4 e4 36. Rfe8 f5 37. c5 e3 38. Rc7 g6 39. b5 Qc4+
40. Ka5 Qxa2+ 41. Kb6 f4 42. Rce7 Kf6 43. c6 Qd5 44. Re4 g5 45. R8e6+ Kf5 46.
R6e5+ Qxe5 47. Rxe5+ Kxe5 48. c7 Ke4 49. c8=Q Kf3 50. Qc2 e2 51. Qc3+ Kf2 52.
Qd4+ Kf1 53. Qc4 Kf2 54. Qc5+ Kf1 55. Qxg5 f3 56. Qg3 f2 57. Qd3 Ke1 58. Qc3+
Kd1 59. Qd4+ Ke1 60. Qc3+ Kd1 61. Qd4+ Ke1 62. Qh4 Kf1 63. Qc4 Ke1 64. Qc1# 1-0

[Event "USCL Week 7"]
[Site "?"]
[Date "2013.10.09"]
[Round "?"]
[White "Ginsburg, Mark"]
[Black "Pressman, Leif"]
[Result "1/2-1/2"]
[WhiteElo "2400"]
[BlackElo "2374"]
[PlyCount "51"]
[EventDate "2013.??.??"]

1. d4 d5 2. Nf3 Nf6 3. c4 c6 4. e3 Bf5 5. Nc3 e6 6. Bd3 Bxd3 7. Qxd3 Bb4 8. O-O
Nbd7 9. Bd2 Bxc3 10. Bxc3 O-O 11. b3 Ne4 12. Bb2 a5 13. a4 f5 14. Ne1 Qh4 15.
f3 Nef6 16. Ba3 Rf7 17. cxd5 Nxd5 18. Bd6 Re8 19. Bg3 Qf6 20. Nc2 e5 21. e4 Nb4
22. Nxb4 axb4 23. dxe5 Nxe5 24. Bxe5 Qxe5 25. Qc4 Qe6 26. Qxb4 1/2-1/2

[Event "USCL Week 7"]
[Site "?"]
[Date "2013.10.09"]
[Round "?"]
[White "Gelashvili, Tamaz"]
[Black "Becerra, Julio"]
[Result "1-0"]
[WhiteElo "2699"]
[BlackElo "2619"]
[PlyCount "113"]
[EventDate "2013.??.??"]

1. d4 Nf6 2. Nf3 g6 3. c4 Bg7 4. g3 O-O 5. Bg2 d6 6. O-O c6 7. Nc3 Qa5 8. Nd2
Nbd7 9. Rb1 Qh5 10. e4 Qxd1 11. Rxd1 c5 12. Nb3 cxd4 13. Nxd4 Ne5 14. b3 Bg4
15. f3 Bd7 16. Bg5 Nc6 17. Nxc6 Bxc6 18. Nd5 Bxd5 19. cxd5 Rfc8 20. Rbc1 Kf8
21. Bh3 Rcb8 22. Rc7 Ng8 23. Be3 Bh6 24. Bxh6+ Nxh6 25. Rdc1 a5 26. Kf2 Ng8 27.
Ke3 Nf6 28. Kd4 Ne8 29. R7c2 b5 30. a3 b4 31. a4 Nf6 32. Bc8 Ke8 33. f4 Kd8 34.
Bh3 Ne8 35. Rc6 Ng7 36. e5 Ne8 37. R1c2 f6 38. Be6 fxe5+ 39. fxe5 dxe5+ 40.
Kxe5 Nd6 41. Rxd6+ exd6+ 42. Kxd6 Ra7 43. Ke5 Rc7 44. Rf2 Ke8 45. d6 Rc5+ 46.
Kd4 Rc1 47. Bg4 h5 48. d7+ Ke7 49. Re2+ Kf7 50. Be6+ Kf6 51. Kd5 Rd1+ 52. Kc6
Rd8 53. Bh3 Kf7 54. Kb6 g5 55. Bf5 g4 56. Re8 Rxe8 57. Bg6+ 1-0

[Event "USCL Week 7"]
[Site "?"]
[Date "2013.10.09"]
[Round "?"]
[White "Andretta, Carlos Gaston"]
[Black "Kumar, Aravind"]
[Result "1/2-1/2"]
[WhiteElo "2128"]
[BlackElo "2146"]
[PlyCount "74"]
[EventDate "2013.??.??"]

1. Nf3 d5 2. c4 c6 3. g3 Nf6 4. Bg2 Bf5 5. b3 e6 6. Bb2 Nbd7 7. O-O Bd6 8. d3
O-O 9. Nbd2 e5 10. cxd5 cxd5 11. Rc1 Qe7 12. Qc2 Nb6 13. e4 dxe4 14. dxe4 Bg6
15. Nh4 Rac8 16. Qb1 Rxc1 17. Rxc1 Rc8 18. Rxc8+ Nxc8 19. Nc4 Nb6 20. Nxb6 axb6
21. Nxg6 hxg6 22. Bf3 Ba3 23. Bc3 Bb4 24. Bb2 Ba3 25. Bc3 Bb4 26. Bb2 Qd6 27.
Qc2 Bc5 28. Kg2 Kh7 29. Bc1 Qc6 30. Bg5 Kg8 31. Bxf6 gxf6 32. a4 Bd4 33. Qxc6
bxc6 34. Be2 Bc3 35. Ba6 Kf8 36. Bb7 c5 37. Bd5 Ke7 1/2-1/2

[Event "USCL Week 7"]
[Site "?"]
[Date "2013.10.09"]
[Round "?"]
[White "Rodriguez, Eric"]
[Black "Krush, Irina"]
[Result "1-0"]
[WhiteElo "2348"]
[BlackElo "2531"]
[PlyCount "63"]
[EventDate "2013.??.??"]

1. e4 c5 2. c3 Nf6 3. e5 Nd5 4. d4 cxd4 5. Nf3 Nc6 6. cxd4 d6 7. Bc4 e6 8. O-O
Be7 9. Qe2 O-O 10. Qe4 Bd7 11. Re1 Rc8 12. a3 Qc7 13. Nbd2 Rfd8 14. Ba2 Na5 15.
Qg4 dxe5 16. dxe5 Qc2 17. Ne4 Nb3 18. Bh6 g6 19. Bxb3 Qxb3 20. Bg5 Bxg5 21.
Nfxg5 h6 22. Qh4 hxg5 23. Nxg5 Be8 24. Rad1 Rc4 25. Qh6 Qa4 26. b4 Qxa3 27. Nh7
Qxb4 28. Nf6+ Nxf6 29. exf6 Qf8 30. Qxf8+ Kxf8 31. Rxd8 Rf4 32. Rc1 1-0

[Event "USCL Week 7"]
[Site "?"]
[Date "2013.10.09"]
[Round "?"]
[White "Williams, Justus"]
[Black "Arencibia, Tony"]
[Result "0-1"]
[WhiteElo "2366"]
[BlackElo "2219"]
[PlyCount "78"]
[EventDate "2013.??.??"]

1. Nf3 Nf6 2. g3 d5 3. Bg2 g6 4. O-O Bg7 5. c4 c6 6. d3 O-O 7. Nbd2 Nbd7 8. Qc2
e5 9. e4 dxe4 10. dxe4 Qe7 11. Nb3 a5 12. a4 b6 13. Be3 c5 14. Rad1 Bb7 15. Bg5
Rad8 16. Nbd2 h6 17. Bxf6 Nxf6 18. Nh4 Rd6 19. Nb1 Rfd8 20. Rxd6 Rxd6 21. Nc3
Qd8 22. Nf3 Ne8 23. Nd5 Nc7 24. Ne1 Ne6 25. Nd3 Nd4 26. Qd1 Bxd5 27. exd5 f5
28. Re1 e4 29. Nc1 Rd7 30. f3 exf3 31. Bxf3 Re7 32. Kf2 f4 33. Re4 fxg3+ 34.
hxg3 Rf7 35. Rf4 Rxf4 36. gxf4 Qh4+ 37. Kg2 Nf5 38. Qd3 Qg3+ 39. Kh1 Qh3+ 0-1

[Event "USCL Week 7"]
[Site "?"]
[Date "2013.10.09"]
[Round "?"]
[White "Mandizha, Farai"]
[Black "Kannappan, Priyadharshan"]
[Result "1-0"]
[WhiteElo "2453"]
[BlackElo "2508"]
[PlyCount "107"]
[EventDate "2013.??.??"]

1. d4 Nf6 2. Nc3 d5 3. Bf4 Bf5 4. Nf3 e6 5. e3 Bd6 6. Ne5 O-O 7. Be2 Ne4 8.
Nxe4 Bxe4 9. f3 Bg6 10. h4 h6 11. Nxg6 fxg6 12. Bxd6 Qxd6 13. f4 Qb4+ 14. Kf2
Nc6 15. Qd3 e5 16. dxe5 d4 17. Qc4+ Kh8 18. Qxb4 Nxb4 19. Bd3 dxe3+ 20. Kf3
Rad8 21. Rad1 e2 22. Bxe2 Nxc2 23. Ke4 c5 24. Rxd8 Rxd8 25. Rd1 Nd4 26. b4 b6
27. bxc5 bxc5 28. Bc4 h5 29. Bf7 Kh7 30. Rd3 Rb8 31. e6 Nf5 32. g4 Nh6 33. gxh5
gxh5 34. Bxh5 Ng8 35. Bf7 Nf6+ 36. Ke5 c4 37. Rg3 Rb2 38. Bg6+ Kh6 39. Be4 Re2
40. Rg6+ Kh5 41. Rxf6 gxf6+ 42. Kf5 Rb2 43. e7 Rb8 44. Kxf6 Kxh4 45. Kf7 Kg4
46. f5 Kf4 47. Bc2 Rb2 48. e8=Q Rxc2 49. f6 Rxa2 50. Qe1 Rc2 51. Ke6 Kf3 52.
Kd5 Re2 53. Qxe2+ Kxe2 54. Kxc4 1-0

[Event "USCL Week 7"]
[Site "?"]
[Date "2013.10.09"]
[Round "?"]
[White "Neimer, Vitaly"]
[Black "Salimbagat, Rico"]
[Result "0-1"]
[WhiteElo "2455"]
[BlackElo "2259"]
[PlyCount "106"]
[EventDate "2013.??.??"]

1. e4 e5 2. Nf3 Nc6 3. Nc3 Nf6 4. d4 Bb4 5. d5 Ne7 6. Bd3 Bxc3+ 7. bxc3 d6 8.
Bg5 Ng6 9. h4 h6 10. Bb5+ Kf8 11. Bxf6 Qxf6 12. g3 Bg4 13. Be2 Bxf3 14. Bxf3
Kg8 15. Bg4 Nf8 16. Rb1 b6 17. Qe2 a5 18. Qc4 Qe7 19. Qc6 Rd8 20. Qc4 g6 21.
Kd2 Kg7 22. f4 Nh7 23. Rbe1 Rhf8 24. Qd3 Nf6 25. Bh3 Rde8 26. f5 Nd7 27. Ref1
Nc5 28. Qe3 Qd8 29. Bg2 Qc8 30. Rf2 Qd7 31. Rhf1 Qc8 32. Kc1 Kh7 33. Bh3 Qd8
34. fxg6+ fxg6 35. Rf7+ Rxf7 36. Rxf7+ Kg8 37. Qxh6 Kxf7 38. Qh7+ Kf6 39. Bf5
Rg8 40. g4 gxf5 41. g5+ Rxg5 42. hxg5+ Kxg5 43. Qxf5+ Kh4 44. Qf2+ Kg4 45. Qf5+
Kg3 46. Qg6+ Kf3 47. Qf5+ Ke3 48. Qh3+ Kxe4 49. Qg2+ Kf4 50. Qf2+ Kg5 51. Qg3+
Kh6 52. Qh3+ Kg6 53. Kb2 Qg5 0-1

[Event "USCL Week 7"]
[Site "?"]
[Date "2013.10.09"]
[Round "?"]
[White "Goldenberg, Ryan"]
[Black "Wilkins, Jacob"]
[Result "1-0"]
[WhiteElo "2348"]
[BlackElo "1909"]
[PlyCount "73"]
[EventDate "2013.??.??"]

1. e4 e6 2. d4 d5 3. Nc3 dxe4 4. Nxe4 Nd7 5. Nf3 Ngf6 6. Nxf6+ Nxf6 7. c3 c5 8.
Ne5 a6 9. Be3 Qc7 10. Qa4+ Bd7 11. Nxd7 Qxd7 12. Qxd7+ Nxd7 13. O-O-O cxd4 14.
Bxd4 O-O-O 15. b4 Nf6 16. g3 Bd6 17. f4 Rhg8 18. Bg2 Bc7 19. Rd2 Nd5 20. Rhd1
Nb6 21. Bf1 Nd5 22. Kb2 Bb6 23. Bg2 Bc7 24. Kb3 b5 25. a4 bxa4+ 26. Kxa4 Nb6+
27. Kb3 f6 28. Bh3 Rge8 29. Re1 f5 30. Rde2 Kd7 31. Bxg7 Rb8 32. Rd1+ Ke7 33.
Bd4 Kf7 34. Ra1 Nd5 35. Rxa6 Ra8 36. Rexe6 Rxe6 37. Rxa8 1-0

[Event "USCL Week 7"]
[Site "?"]
[Date "2013.10.09"]
[Round "?"]
[White "Xiong, Jeffery"]
[Black "Gorman, Dov"]
[Result "1-0"]
[WhiteElo "2485"]
[BlackElo "2362"]
[PlyCount "73"]
[EventDate "2013.??.??"]

1. e4 e6 2. d4 d5 3. Nd2 c5 4. exd5 Qxd5 5. Ngf3 cxd4 6. Bc4 Qd7 7. Nb3 Nc6 8.
Nbxd4 Nxd4 9. Nxd4 a6 10. O-O Bc5 11. Be3 b6 12. Qg4 Ne7 13. Rad1 Qb7 14. Nb5
O-O 15. Nd6 Bxd6 16. Rxd6 Nf5 17. Rd2 Qc6 18. Be2 Nxe3 19. fxe3 Ra7 20. Rfd1
Rc7 21. Rd8 f5 22. Rxf8+ Kxf8 23. Rd8+ Kf7 24. Qh5+ Ke7 25. Qh4+ Kf7 26. Bh5+
g6 27. Bxg6+ hxg6 28. Qh7+ Kf6 29. Qh8+ Kg5 30. h4+ Kg4 31. Rd4+ f4 32. Qf6
Qxg2+ 33. Kxg2 Rxc2+ 34. Kf1 Rc1+ 35. Ke2 e5 36. Qxe5 Kh3 37. Qxf4 1-0

[Event "USCL Week 7"]
[Site "?"]
[Date "2013.10.09"]
[Round "?"]
[White "Bartell, Tom"]
[Black "Holt, Conrad"]
[Result "1-0"]
[WhiteElo "2496"]
[BlackElo "2639"]
[PlyCount "129"]
[EventDate "2013.??.??"]

1. g3 d5 2. Bg2 e5 3. d3 Nf6 4. Nf3 Bd6 5. O-O O-O 6. c4 c6 7. a3 Re8 8. Nc3
Nbd7 9. Nd2 d4 10. Nce4 Bf8 11. b4 a5 12. Rb1 Nxe4 13. Nxe4 f5 14. Ng5 h6 15.
Nf3 axb4 16. axb4 c5 17. Nh4 Nb6 18. bxc5 Bxc5 19. e3 Qc7 20. exd4 Bxd4 21. Be3
Be6 22. Bxd4 exd4 23. Rb5 Bd7 24. Rb4 Ra7 25. Qh5 Qc5 26. Rfb1 Re1+ 27. Rxe1
Qxb4 28. Re8+ Bxe8 29. Qxe8+ Qf8 30. Qe6+ Qf7 31. Qxb6 Ra1+ 32. Bf1 Rc1 33.
Qxd4 Kh7 34. Kg2 b5 35. Qb2 Qb7+ 36. Kg1 Rxf1+ 37. Kxf1 Qh1+ 38. Ke2 bxc4 39.
Nxf5 cxd3+ 40. Kxd3 Qd1+ 41. Qd2 Qh5 42. Nd4 Qxh2 43. Ke2 Qh5+ 44. Nf3 Kg8 45.
Qd3 Kf8 46. Kf1 Qh1+ 47. Ng1 Kg8 48. Qf3 Qh2 49. Qg4 Qh1 50. Qf3 Qh2 51. Ne2
Qh3+ 52. Kg1 Qc8 53. Nf4 Kh8 54. Qe4 Qd7 55. Qe6 Qd8 56. Ng6+ Kh7 57. Ne7 Qe8
58. f4 h5 59. f5 h4 60. g4 h3 61. Kh2 g5 62. Kxh3 Qf8 63. Qg6+ Kh8 64. Qxg5 Qf7
65. Qh6+ 1-0

[Event "USCL Week 7"]
[Site "?"]
[Date "2013.10.09"]
[Round "?"]
[White "Minear, Peter"]
[Black "Getz, Alec"]
[Result "0-1"]
[WhiteElo "2385"]
[BlackElo "2433"]
[PlyCount "72"]
[EventDate "2013.??.??"]

1. e4 e5 2. Nf3 Nc6 3. Bb5 a6 4. Ba4 Nf6 5. O-O Be7 6. Re1 b5 7. Bb3 d6 8. c3
O-O 9. h3 Nb8 10. d4 Nbd7 11. Nbd2 Bb7 12. Bc2 Re8 13. b3 c6 14. Bb2 Bf8 15. c4
Rc8 16. d5 g6 17. Bd3 Bh6 18. dxc6 Bxc6 19. cxb5 axb5 20. Qe2 Qb6 21. Rad1 Nh5
22. Bb1 Ng3 23. Qd3 Nc5 24. Qc3 Ncxe4 25. Bxe4 Nxe4 26. Rxe4 Bxe4 27. Nxe4 Rxc3
28. Nf6+ Kh8 29. Bxc3 Re6 30. Ng4 Bf4 31. g3 Qc6 32. Rd3 Qe4 33. Ne1 Bg5 34. f3
Qe2 35. f4 Bd8 36. fxe5 Bb6+ 0-1

[Event "USCL Week 7"]
[Site "?"]
[Date "2013.10.09"]
[Round "?"]
[White "Vaidya, Atulya"]
[Black "Costigan, Richard"]
[Result "1/2-1/2"]
[WhiteElo "2208"]
[BlackElo "2288"]
[PlyCount "113"]
[EventDate "2013.??.??"]

1. d4 Nf6 2. c4 g6 3. Nc3 d5 4. Nf3 Bg7 5. Bg5 Ne4 6. cxd5 Nxg5 7. Nxg5 e6 8.
Qd2 h6 9. Nf3 exd5 10. e3 O-O 11. Be2 Be6 12. O-O Nd7 13. Rac1 Nf6 14. Rfd1 Qe7
15. Ne1 Rad8 16. Nd3 Bf5 17. a3 g5 18. b4 c6 19. Qb2 Bg4 20. b5 cxb5 21. Qxb5
Rfe8 22. Bxg4 Nxg4 23. h3 Nf6 24. Nb4 a6 25. Qa5 g4 26. Nbxd5 Nxd5 27. Nxd5 Qg5
28. Rc5 Bf8 29. h4 Qxh4 30. Nc7 Bxc5 31. Nxe8 Bxa3 32. Qxa3 Rxe8 33. Qd6 g3 34.
fxg3 Qg5 35. Rb1 Qxe3+ 36. Kh2 Qe4 37. Rb6 Re6 38. Qb8+ Kg7 39. Qxb7 Qxb7 40.
Rxb7 Rd6 41. Ra7 Kf6 42. Kh3 Kf5 43. Rxf7+ Ke4 44. Rf4+ Kd3 45. d5 a5 46. Kh4
Rxd5 47. Rf6 a4 48. Rxh6 Ra5 49. Rd6+ Ke2 50. Re6+ Kf2 51. Rb6 a3 52. Rb1 Kxg2
53. g4 Kf3 54. g5 Kf4 55. g6 Kf5 56. g7 Ra8 57. Ra1 1/2-1/2